Police Phonetic Alphabet - Statistics

General Stats
  • This quiz has been taken 16 times
  • The average score is 10 of 26
Answer Stats
Hint Answer % Correct
A adam
92%
C charlie
77%
B boy
54%
F frank
54%
Q queen
54%
D david
46%
G george
46%
S sam
46%
X x-ray
46%
Z zebra
46%
E edward
38%
O ocean
38%
R robert
38%
T tom
38%
K king
31%
L lincoln
31%
N nora
31%
W william
31%
H henry
23%
I ida
23%
J john
23%
M mike
23%
P peter
23%
U union
23%
V victor
23%
Y young
23%
No matching quizzes found
Score Distribution
Percent of People with Each Score
Percentile by Number Answered
Your Score History
You have not taken this quiz